Courage Has No Color : (Record no. 5093)

MARC details
000 -LEADER
fixed length control field 01050nam a22002777a 4500
001 - CONTROL NUMBER
control field 5093
003 - CONTROL NUMBER IDENTIFIER
control field FISKH
005 - DATE AND TIME OF LATEST TRANSACTION
control field 20241106084401.0
008 - FIXED-LENGTH DATA ELEMENTS--GENERAL INFORMATION
fixed length control field 241106b cb ||||| |||| 00| 0 eng d
020 ## - INTERNATIONAL STANDARD BOOK NUMBER
International Standard Book Number 9780545622943
040 ## - CATALOGING SOURCE
Original cataloging agency FISKH
Language of cataloging eng
Transcribing agency FISKH
Modifying agency FISKH
050 ## - LIBRARY OF CONGRESS CALL NUMBER
Classification number D769.348
082 ## - DEWEY DECIMAL CLASSIFICATION NUMBER
Classification number 940.54
100 ## - MAIN ENTRY--PERSONAL NAME
Personal name Stone, Tanya Lee
245 ## - TITLE STATEMENT
Title Courage Has No Color :
Remainder of title The True Story of the Triple Nickles: America's First Black Paratroopers /
Statement of responsibility, etc. by Tanya Lee Stone
250 ## - EDITION STATEMENT
Edition statement First Scholastic printing, November 2013
260 ## - PUBLICATION, DISTRIBUTION, ETC.
Place of publication, distribution, etc. New York :
Name of publisher, distributor, etc. Scholastic ;
Date of publication, distribution, etc. 2013 .
300 ## - PHYSICAL DESCRIPTION
Extent 147 pages :
Other physical details illustrations ;
Dimensions 23 cm .
505 ## - FORMATTED CONTENTS NOTE
Formatted contents note Z <br/>
520 ## - SUMMARY, ETC.
Summary, etc. Examines the role of African-Americans in the military through the history of the Triple Nickles, America's first black paratroopers, who fought against attacks perpetrated on the American West by the Japanese during World War II.
521 8# - TARGET AUDIENCE NOTE
Target audience note 1090 <br/>
Source Lexile <br/>
521 8# - TARGET AUDIENCE NOTE
Target audience note Z <br/>
Source Raz-Plus <br/>
650 ## - SUBJECT ADDED ENTRY--TOPICAL TERM
Topical term or geographic name entry element paratroopers
Form subdivision non-fiction
942 ## - ADDED ENTRY ELEMENTS (KOHA)
Source of classification or shelving scheme Dewey Decimal Classification
Koha item type Books
Suppress in OPAC No
Holdings
Withdrawn status Lost status Source of classification or shelving scheme Damaged status Not for loan Collection Home library Current library Shelving location Date acquired Total Checkouts Full call number Barcode Date last seen Price effective from Koha item type
    Dewey Decimal Classification     Non-Fiction Footprints International School Library Network Toul Kork Campus Footprints International School Library Network Toul Kork Campus TTP Secondary Non-Fiction Bookshelves 11/06/2024   STO 940.54 D769.348 FISSE01318 11/06/2024 11/06/2024 Books